Rights and remedies (Record no. 80721)

MARC details
000 -LEADER
fixed length control field 01297cab a22002175a 4500
001 - CONTROL NUMBER
control field L145141
008 - FIXED-LENGTH DATA ELEMENTS--GENERAL INFORMATION
fixed length control field 080910e20080903xxk f g 000 0 eng d
035 ## - SYSTEM CONTROL NUMBER
System control number (Sirsi) u145141
041 0# - LANGUAGE CODE
Language code of text/sound track or separate title eng
100 1# - MAIN ENTRY--PERSONAL NAME
Personal name Brewer, Geoff
245 00 - TITLE STATEMENT
Title Rights and remedies
260 ## - PUBLICATION, DISTRIBUTION, ETC.
Date of publication, distribution, etc. 2008
490 ## - SERIES STATEMENT
Series statement Contract Journal
Volume/sequential designation 444(6690) 3 September 2008, 24(1)
520 ## - SUMMARY, ETC.
Summary, etc. Presents the draft Construction Contracts Bill 2008, which will set out the amendments to the Housing Grants, Construction and Regeneration Act. Suggests that all contracts, written or oral, will be covered by the Housing Grants, Construction and Regeneration Act 1996. Contractual provisions in relation with adjudication will continue to have to be made in writing. Shows that unless the agreement is made after appointing an adjudicator, contractual provisions which allocate the cost between parties will be ineffective. Clarifies payment provisions. Sets out amendments to payment and withholding notices. Comments are invited until 12 September 2008.
590 ## - LOCAL NOTE (RLIN)
Local note KA
650 24 - SUBJECT ADDED ENTRY--TOPICAL TERM
Topical term or geographic name entry element CONSTRUCTION CONTRACTS BILL 2008
650 24 - SUBJECT ADDED ENTRY--TOPICAL TERM
Topical term or geographic name entry element HOUSING GRANTS, CONSTRUCTION AND REGENERATION ACT 1996
651 #4 - SUBJECT ADDED ENTRY--GEOGRAPHIC NAME
Geographic name England and Wales
Chronological subdivision 1543-
690 ## - LOCAL SUBJECT ADDED ENTRY--TOPICAL TERM (OCLC, RLIN)
Topical term or geographic name as entry element BUILT ENVIRONMENT-CONSTRUCTION MANAGEMENT-BUILDING CONTRACT ADMINISTRATION
942 ## - ADDED ENTRY ELEMENTS (KOHA)
Suppress in OPAC 0
Holdings
Withdrawn status Lost status Source of classification or shelving scheme Damaged status Not for loan Home library Current library Shelving location Date acquired Total Checkouts Full call number Barcode Date last seen Copy number Price effective from Koha item type
    Dewey Decimal Classification     London London Journal article 10/09/2008   L145141.1 145141-1001 06/08/2019 1 06/08/2019 Journal article